| 000 | 01334cam a2200277 4500500 | ||
|---|---|---|---|
| 005 | 20260412001147.0 | ||
| 041 | _afre | ||
| 042 | _adc | ||
| 100 | 1 | 0 |
_aGuató, Júlio _eauthor |
| 700 | 1 | 0 |
_aNogueira, Patrícia _eauthor |
| 700 | 1 | 0 |
_aAndrade, Tiago _eauthor |
| 700 | 1 | 0 |
_ada Silva, Gabriel Martins _eauthor |
| 245 | 0 | 0 | _aLa COP30 vue par les mouvements autochtones : un conflit cosmopolitique |
| 260 | _c2026. | ||
| 500 | _a5 | ||
| 520 | _aLes dynamiques globales ont un impact local, et les représentants gouvernementaux en sont bien conscients. Mais l’influence des politiques locales – et a fortiori des mouvements autochtones – sur la scène mondiale semble largement ignorée. Retour sur l’impact de leur mobilisation pendant la COP30 à travers le regard de trois militants de la Teia dos Povos (La Toile du Peuple), une alliance des peuples autochtones, des quilombos et des paysans sans terre. | ||
| 690 | _a#CLIMAT | ||
| 690 | _a#COP | ||
| 690 | _a#COSMOLOGIES INDIGÈNES | ||
| 690 | _a#COSMOPOLITIQUE | ||
| 690 | _a#MOUVEMENTS SOCIAUX | ||
| 690 | _a#POLITIQUE | ||
| 690 | _aINTERVENTIONS | ||
| 786 | 0 | _nLes Temps qui restent | 7 | 3 | 2026-02-20 | p. 250-255 | 3038-0464 | |
| 856 | 4 | 1 | _uhttps://shs.cairn.info/revue-les-temps-qui-restent-2025-3-page-250?lang=fr&redirect-ssocas=7080 |
| 999 |
_c2211298 _d2211298 |
||